[Event "Wch Blitz"]
[Site "Doha"]
[Date "2016.12.30"]
[Round "17"]
[White "Borisek, Jure"]
[Black "Kayumov, Sergey"]
[Result "1-0"]
[WhiteElo "2561"]
[BlackElo "2505"]
[PlyCount "109"]
[EventDate "2016.12.29"]
[EventType "swiss (blitz)"]
[EventRounds "21"]
[EventCountry "QAT"]
[SourceTitle "CBM 176 Extra"]
[Source "ChessBase"]
[SourceDate "2017.03.02"]
[SourceVersion "1"]
[SourceVersionDate "2017.03.02"]
[SourceQuality "1"]

1. e4 e5 2. Nf3 Nc6 3. Bb5 Nf6 4. d3 d6 5. 0-0 g6 6. d4 Bd7 7. d5 Ne7 8. Bxd7+ Qxd7 9. Re1 Bg7 10. c4 b6 11. Nc3 0-0 12. b4 a5 13. bxa5 Rxa5 14. a4 Rfa8 15. Ba3 Qd8 16. Bb4 R5a6 17. Nd2 Nd7 18. Nb3 Nc5 19. Bxc5 dxc5 20. Nd2 Nc8 21. Nb5 Bf8 22. Nb1 Bd6 23. N1c3 Qg5 24. Qd3 h5 25. Rf1 Ra5 26. Kh1 Qf6 27. Rae1 Ne7 28. Nxd6 cxd6 29. Rb1 R5a6 30. Qd2 Kg7 31. f4 exf4 32. Rxf4 Qe5 33. Rbf1 Rf8 34. Qc2 Ng8 35. Nb5 f5 36. Nc7 Raa8 37. Ne6+ Kh8 38. Nxf8 Rxf8 39. exf5 g5 40. R4f2 Nf6 41. Re2 Qd4 42. Re6 Rf7 43. Qe2 Ng4 44. h3 Nf6 45. Re1 Kg7 46. Rxd6 g4 47. Rxb6 Qc3 48. Re6 gxh3 49. Re3 Qd4 50. gxh3 Kh7 51. Rg1 Qf4 52. Rf3 Qc7 53. Qg2 Kh8 54. Qg6 Ne4 55. Qg8# 1-0

[Event "Wch Blitz"]
[Site "Doha"]
[Date "2016.12.29"]
[Round "9"]
[White "Kayumov, Sergey"]
[Black "Hirneise, Tobias"]
[Result "1-0"]
[WhiteElo "2505"]
[BlackElo "2466"]
[PlyCount "109"]
[EventDate "2016.12.29"]
[EventType "swiss (blitz)"]
[EventRounds "21"]
[EventCountry "QAT"]
[SourceTitle "CBM 176 Extra"]
[Source "ChessBase"]
[SourceDate "2017.03.02"]
[SourceVersion "1"]
[SourceVersionDate "2017.03.02"]
[SourceQuality "1"]

1. Nf3 c5 2. b3 d5 3. Bb2 f6 4. e3 e5 5. d4 cxd4 6. exd4 e4 7. Nfd2 f5 8. c4 Nf6 9. Nc3 Be6 10. cxd5 Nxd5 11. Bb5+ Nc6 12. 0-0 Be7 13. Qh5+ g6 14. Qh6 Bf8 15. Qh3 Bg7 16. Ndxe4 0-0 17. Nc5 Bf7 18. Nxd5 Bxd5 19. Rad1 Ne7 20. Bc4 Kh8 21. Ne6 Bxe6 22. Bxe6 Qd6 23. Rfe1 Rad8 24. Ba1 f4 25. Qf3 b6 26. d5 Bxa1 27. Rxa1 Qb4 28. a3 Qd4 29. Rad1 Qb2 30. Re2 Qf6 31. h3 a5 32. Re4 g5 33. d6 Ng6 34. d7 Nh4 35. Qd3 f3 36. g3 Ng6 37. Qd4 Kg7 38. Qxf6+ Kxf6 39. Rd3 Ne5 40. Rd6 Ng6 41. Bg4+ Kg7 42. Rxb6 h5 43. Be6 h4 44. gxh4 Nf4 45. Bg4 gxh4 46. Kh2 Nd3 47. Re7+ Kh8 48. Rh6+ Kg8 49. Be6+ Rf7 50. Bxf7+ Kg7 51. Rg6+ Kf8 52. Re8+ Kxf7 53. Rxd8 Kxg6 54. Rg8+ Kf7 55. d8Q 1-0

[Event "Wch Rapid"]
[Site "Doha"]
[Date "2016.12.28"]
[Round "14"]
[White "Kayumov, Sergey"]
[Black "Bosiocic, Marin"]
[Result "0-1"]
[WhiteElo "2505"]
[BlackElo "2591"]
[PlyCount "126"]
[EventDate "2016.12.26"]
[EventType "swiss (rapid)"]
[EventRounds "15"]
[EventCountry "QAT"]
[SourceTitle "CBM 176"]
[Source "ChessBase"]
[SourceDate "2017.01.17"]
[SourceVersion "1"]
[SourceVersionDate "2017.01.17"]
[SourceQuality "1"]

1. Nf3 d5 2. b3 Bg4 3. Ne5 Bf5 4. d4 Nd7 5. Bb2 Ngf6 6. e3 e6 7. Nd2 c6 8. Bd3 Bxd3 9. cxd3 Nxe5 10. dxe5 Nd7 11. 0-0 Qb6 12. Nf3 Be7 13. Nd4 c5 14. Ne2 Nb8 15. Nf4 g6 16. Rb1 Nc6 17. a3 Rd8 18. Kh1 d4 19. exd4 Nxd4 20. Ba1 0-0 21. Qg4 Kh8 22. h4 Nf5 23. h5 g5 24. Nh3 Rg8 25. Rfd1 Nh6 26. Qe4 g4 27. Nf4 g3 28. f3 Nf5 29. b4 cxb4 30. d4 Bg5 31. Rxb4 Qc6 32. d5 Bxf4 33. Qxf4 Rxd5 34. Rc1 Qd7 35. Rbb1 Rd8 36. Re1 Qe7 37. Rb4 Rd1 38. Rbe4 Rxe1+ 39. Rxe1 Qh4+ 40. Qxh4 Nxh4 41. Bc3 Nf5 42. Kg1 Kg7 43. Kf1 Kh6 44. Ke2 Kxh5 45. Rb1 Rd7 46. a4 Kg6 47. a5 h5 48. Rb4 h4 49. Rg4+ Kh7 50. Rc4 b5 51. axb6 axb6 52. Rb4 Rc7 53. Bd2 Rc5 54. Re4 b5 55. Kd3 Rd5+ 56. Kc2 Rc5+ 57. Kd3 Rc4 58. Re1 Rd4+ 59. Kc2 b4 60. Rb1 Kg6 61. Bxb4 Ne3+ 62. Kc3 Rf4 63. Be7 Nd5+ 0-1

[Event "Wch Rapid"]
[Site "Doha"]
[Date "2016.12.26"]
[Round "4"]
[White "Ganguly, Surya Shekhar"]
[Black "Kayumov, Sergey"]
[Result "1-0"]
[WhiteElo "2668"]
[BlackElo "2505"]
[PlyCount "99"]
[EventDate "2016.12.26"]
[EventType "swiss (rapid)"]
[EventRounds "15"]
[EventCountry "QAT"]
[SourceTitle "CBM 176"]
[Source "ChessBase"]
[SourceDate "2017.01.17"]
[SourceVersion "1"]
[SourceVersionDate "2017.01.17"]
[SourceQuality "1"]

1. e4 e5 2. Nf3 Nc6 3. Bc4 Bc5 4. 0-0 Nf6 5. d3 h6 6. c3 d6 7. Re1 0-0 8. h3 a6 9. Bb3 Ba7 10. Nbd2 Nh5 11. Nf1 Qf6 12. Be3 Nf4 13. d4 Ne7 14. Ng3 Neg6 15. Bc2 Nh4 16. Nxh4 Qxh4 17. Qf3 g6 18. Bxf4 Qxf4 19. Qxf4 exf4 20. Ne2 f3 21. Ng3 c5 22. d5 Re8 23. h4 fxg2 24. Kxg2 h5 25. f4 Bd7 26. e5 dxe5 27. fxe5 Kg7 28. c4 Re7 29. e6 fxe6 30. Re5 Rf8 31. Rg5 exd5 32. Rxg6+ Kf7 33. cxd5 Ke8 34. Be4 c4 35. Bf3 Bh3+ 36. Kxh3 Rxf3 37. d6 Ree3 38. Kg2 Rf2+ 39. Kxf2 Re6+ 40. Kf3 Rxg6 41. Re1+ Kd7 42. Nf5 Rf6 43. Re7+ Kd8 44. Ke4 Rxd6 45. Nxd6 Kxe7 46. Nc8+ Kd7 47. Nxa7 Kc7 48. Kd5 Kb8 49. Nc6+ bxc6+ 50. Kxc6 1-0

[Event "Sharjah op rapid"]
[Site "Sharjah"]
[Date "2014.07.07"]
[Round "5"]
[White "Dimarucut, Francis Erwin"]
[Black "Kayumov, Sergey"]
[Result "1/2-1/2"]
[WhiteElo "2117"]
[BlackElo "2490"]
[PlyCount "22"]
[EventDate "2014.07.05"]
[EventType "swiss (rapid)"]
[EventRounds "9"]
[EventCountry "UAE"]
[SourceTitle "CBM 161 Extra"]
[Source "ChessBase"]
[SourceDate "2014.08.29"]
[SourceVersion "1"]
[SourceVersionDate "2014.08.29"]
[SourceQuality "1"]

1. c4 e5 2. Nc3 Bb4 3. Qb3 Nc6 4. g3 Nf6 5. Bg2 Nd4 6. Qd1 0-0 7. e3 Bxc3 8. bxc3 Nc6 9. d3 d6 10. e4 Bg4 11. Ne2 Qc8 1/2-1/2

[Event "Sharjah op rapid"]
[Site "Sharjah"]
[Date "2014.07.05"]
[Round "2"]
[White "Kayumov, Sergey"]
[Black "Jawhar, Oussama"]
[Result "1-0"]
[WhiteElo "2490"]
[BlackElo "1735"]
[PlyCount "103"]
[EventDate "2014.07.05"]
[EventType "swiss (rapid)"]
[EventRounds "9"]
[EventCountry "UAE"]
[SourceTitle "CBM 161 Extra"]
[Source "ChessBase"]
[SourceDate "2014.08.29"]
[SourceVersion "1"]
[SourceVersionDate "2014.08.29"]
[SourceQuality "1"]

1. d4 d5 2. Nf3 Nf6 3. Bf4 c5 4. e3 Nc6 5. c3 Qb6 6. Qb3 e6 7. Qxb6 axb6 8. Bc7 cxd4 9. exd4 Bd7 10. Bxb6 Bd6 11. Nbd2 Ke7 12. Bd3 Rhc8 13. Nb3 e5 14. dxe5 Nxe5 15. Nxe5 Bxe5 16. Bc5+ Bd6 17. Bxd6+ Kxd6 18. f3 Re8+ 19. Kf2 Be6 20. Nd4 Nd7 21. Bb5 Ra5 22. Bxd7 Bxd7 23. Rhe1 Rea8 24. a3 R5a6 25. Nc2 Rc8 26. Nb4 Raa8 27. Rad1 Be6 28. Rd4 b5 29. Red1 Rc5 30. g4 g6 31. Kg3 g5 32. h4 h6 33. Rh1 Rg8 34. Kf2 Rf8 35. hxg5 hxg5 36. Rh5 f6 37. Kg3 Bf7 38. Rh6 Be6 39. Rd2 Rc4 40. Nc2 Rf4 41. Nd4 Bd7 42. Ne2 Ra4 43. Nd4 Raa8 44. Re2 Rad8 45. Re1 Rb8 46. Rh7 Rbe8 47. Rxe8 Rxe8 48. Rf7 Ke5 49. Rxd7 Rh8 50. Re7+ Kd6 51. Re6+ Kc5 52. Rc6# 1-0

[Event "Wch Blitz 8th"]
[Site "Dubai"]
[Date "2014.06.20"]
[Round "17"]
[White "Kayumov, Sergey"]
[Black "Milov, Vadim"]
[Result "0-1"]
[WhiteElo "2505"]
[BlackElo "2622"]
[PlyCount "148"]
[EventDate "2014.06.19"]
[EventType "swiss (blitz)"]
[EventRounds "21"]
[EventCountry "UAE"]
[SourceTitle "CBM 160 Extra"]
[Source "ChessBase"]
[SourceDate "2014.07.01"]
[SourceVersion "1"]
[SourceVersionDate "2014.07.01"]
[SourceQuality "1"]

1. d4 d6 2. Nf3 g6 3. Bf4 Bg7 4. e3 c5 5. c3 cxd4 6. exd4 Nf6 7. Be2 0-0 8. 0-0 Nc6 9. h3 Re8 10. Na3 a6 11. d5 Nb8 12. Nc4 Nbd7 13. a4 b6 14. Ne3 Bb7 15. c4 a5 16. Nd4 Nc5 17. Bf3 e5 18. dxe6 fxe6 19. Nc6 Qc8 20. Qxd6 Bf8 21. Qd4 Nh5 22. Ne5 Nb3 23. Bxb7 Qxb7 24. Qc3 Nxa1 25. N3g4 Bg7 26. Bh6 Rf8 27. Bxg7 Qxg7 28. Rxa1 Rad8 29. g3 Nf6 30. Nc6 Rd6 31. Nxf6+ Qxf6 32. Qxf6 Rxf6 33. Ne5 Rd2 34. Ng4 Rf8 35. b3 Rfd8 36. Kg2 Rb2 37. Re1 Kf7 38. Ne5+ Kf6 39. g4 Rxb3 40. g5+ Kg7 41. Ng4 Rd6 42. Nf6 Kf7 43. Ne4 Rd4 44. c5 bxc5 45. Nxc5 Rb6 46. Ne4 Rxa4 47. f3 Rd4 48. Rc1 Ke7 49. Rc7+ Kd8 50. Rxh7 Ra6 51. Nc5 Rc6 52. Nb7+ Ke8 53. Nxa5 Rc3 54. Nb7 Rd7 55. Rh8+ Ke7 56. Na5 Rdd3 57. Rh7+ Kd6 58. Rg7 Rxf3 59. Nb7+ Ke5 60. Rxg6 Rg3+ 61. Kf2 Rxh3 62. Nd8 Rc2+ 63. Kg1 Kf5 64. Rf6+ Kg4 65. Rf2 Rg3+ 66. Kf1 Rf3 67. Rxf3 Kxf3 68. Ke1 e5 69. g6 Rg2 70. Nf7 e4 71. Ne5+ Kf4 72. Nc6 Rxg6 73. Nd4 Rg2 74. Ne2+ Ke3 0-1

[Event "Wch Rapid"]
[Site "Dubai"]
[Date "2014.06.17"]
[Round "7"]
[White "Kayumov, Sergey"]
[Black "Salem, AR Saleh"]
[Result "1/2-1/2"]
[WhiteElo "2505"]
[BlackElo "2581"]
[PlyCount "131"]
[EventDate "2014.06.16"]
[EventType "swiss (rapid)"]
[EventRounds "15"]
[EventCountry "UAE"]
[SourceTitle "CBM 160 Extra"]
[Source "ChessBase"]
[SourceDate "2014.07.01"]
[SourceVersion "1"]
[SourceVersionDate "2014.07.01"]
[SourceQuality "1"]

1. d4 Nf6 2. Nf3 g6 3. Bf4 Bg7 4. e3 d6 5. h3 0-0 6. Be2 Nc6 7. 0-0 Nd7 8. Bh2 e5 9. c4 f5 10. Nc3 g5 11. dxe5 dxe5 12. c5 e4 13. Bc4+ Kh8 14. Nd4 Nde5 15. Nxc6 Qxd1 16. Raxd1 Nxc4 17. Nd4 c6 18. b3 Nb2 19. Rd2 Nd3 20. f3 Re8 21. fxe4 Nxc5 22. exf5 Bf6 23. b4 Nd7 24. e4 Kg8 25. Rc1 Nb6 26. Nf3 Nc4 27. Re2 h6 28. e5 Be7 29. g4 b5 30. Ne4 a5 31. bxa5 Rxa5 32. Nd4 Ra6 33. e6 Kg7 34. Rxc4 bxc4 35. Be5+ Kh7 36. f6 c5 37. fxe7 cxd4 38. Nf6+ Kg6 39. Nxe8 Rxe6 40. Nd6 Bd7 41. Kf2 d3 42. Re3 d2 43. Ke2 c3 44. e8Q+ Rxe8 45. Rxc3 Rxe5+ 46. Kxd2 h5 47. gxh5+ Kxh5 48. Nc4 Rd5+ 49. Rd3 Rxd3+ 50. Kxd3 Bxh3 51. Ne3 Kh4 52. a4 Kg3 53. Kd4 Kf3 54. Nc4 Bc8 55. a5 Ba6 56. Ne5+ Kf4 57. Ng6+ Kf5 58. Ne5 Bb7 59. Nc4 Kf4 60. Ne5 Ba6 61. Ng6+ Kg4 62. Ne5+ Kf5 63. Nf7 g4 64. Nh6+ Kf4 65. Nxg4 Kxg4 66. Kc5 1/2-1/2

[Event "Wch Rapid"]
[Site "Dubai"]
[Date "2014.06.17"]
[Round "6"]
[White "Moradiabadi, Elshan"]
[Black "Kayumov, Sergey"]
[Result "0-1"]
[WhiteElo "2586"]
[BlackElo "2505"]
[PlyCount "98"]
[EventDate "2014.06.16"]
[EventType "swiss (rapid)"]
[EventRounds "15"]
[EventCountry "UAE"]
[SourceTitle "CBM 160 Extra"]
[Source "ChessBase"]
[SourceDate "2014.07.01"]
[SourceVersion "1"]
[SourceVersionDate "2014.07.01"]
[SourceQuality "1"]

1. e4 d6 2. d4 Nf6 3. Nc3 Nbd7 4. f4 e5 5. Nf3 exd4 6. Qxd4 c6 7. Be3 d5 8. e5 Ng4 9. Bg1 Nh6 10. 0-0-0 Nf5 11. Qd2 Bb4 12. a3 Bc5 13. Bd3 Bxg1 14. Bxf5 Bb6 15. e6 Nc5 16. exf7+ Kxf7 17. Ng5+ Kg8 18. Bxc8 Rxc8 19. b4 Na6 20. Rhe1 Nc7 21. Re5 h6 22. Nf3 Qf6 23. Rde1 Rf8 24. g3 g5 25. f5 Rh7 26. Kb1 Rff7 27. g4 Re7 28. h4 Rxe5 29. Rxe5 gxh4 30. a4 a5 31. Ne2 Rg7 32. bxa5 Bc5 33. Nf4 Rxg4 34. Nh5 Qf8 35. f6 h3 36. Rf5 Rb4+ 37. Kc1 Rxa4 38. f7+ Kh8 39. Ne5 Ra1+ 40. Kb2 Bd4+ 41. c3 Qa3+ 42. Kc2 Ra2+ 43. Kd3 Rxd2+ 44. Kxd2 Qxc3+ 45. Kd1 Qb3+ 46. Kd2 Qe3+ 47. Kd1 Qb3+ 48. Kd2 Qb2+ 49. Kd3 Qc3+ 0-1

[Event "Kharkov Caissa"]
[Site "Kharkov"]
[Date "2010.??.??"]
[Round "4"]
[White "Kayumov, Sergey"]
[Black "Kondaurov, Anton"]
[Result "1-0"]
[WhiteElo "2476"]
[BlackElo "2252"]
[PlyCount "43"]
[EventDate "2010.03.21"]
[EventType "tourn"]
[EventRounds "9"]
[EventCountry "UKR"]
[EventCategory "7"]
[SourceTitle "CBM 135 Extra"]
[Source "ChessBase"]
[SourceDate "2010.05.04"]
[SourceVersion "1"]
[SourceVersionDate "2010.05.04"]
[SourceQuality "1"]

1. e4 e5 2. Nf3 Nc6 3. Bb5 a6 4. Bxc6 dxc6 5. 0-0 f6 6. d4 exd4 7. Nxd4 c5 8. Ne2 Qxd1 9. Rxd1 Be6 10. Nbc3 Bd6 11. Bf4 Bxf4 12. Nxf4 Bf7 13. Rd2 Ne7 14. Rad1 Nc6 15. f3 Nd4 16. Na4 b6 17. b4 0-0-0 18. bxc5 Nxc2 19. cxb6 Rxd2 20. Rxd2 Nb4 21. b7+ Kxb7 22. Rb2 1-0

[Event "Kharkov Caissa"]
[Site "Kharkov"]
[Date "2010.??.??"]
[Round "2"]
[White "Kayumov, Sergey"]
[Black "Mischuk, Dmitry"]
[Result "1-0"]
[WhiteElo "2476"]
[BlackElo "2374"]
[PlyCount "93"]
[EventDate "2010.03.21"]
[EventType "tourn"]
[EventRounds "9"]
[EventCountry "UKR"]
[EventCategory "7"]
[SourceTitle "CBM 135 Extra"]
[Source "ChessBase"]
[SourceDate "2010.05.04"]
[SourceVersion "1"]
[SourceVersionDate "2010.05.04"]
[SourceQuality "1"]

1. d4 Nf6 2. c4 e6 3. Nf3 b6 4. g3 Be7 5. Bg2 Bb7 6. 0-0 0-0 7. d5 exd5 8. Nh4 c6 9. cxd5 Nxd5 10. Nf5 Nc7 11. e4 d5 12. Nc3 Bf6 13. Bf4 Bc8 14. g4 Nba6 15. Rc1 Bxf5 16. gxf5 d4 17. Ne2 c5 18. e5 Bg5 19. Bxa8 Bxf4 20. Nxf4 Qg5+ 21. Bg2 Qxf4 22. Qf3 Qxe5 23. Rfe1 Qd6 24. a3 Rd8 25. Rcd1 c4 26. Re4 Qf6 27. Qf4 h6 28. Rexd4 Rxd4 29. Qxd4 Qxf5 30. Qxc4 Nc5 31. b4 N5e6 32. Rd7 Qe5 33. Qd3 g6 34. Qe3 Qb5 35. Rd6 Kg7 36. f4 Kg8 37. Qe5 Qxe5 38. fxe5 Kf8 39. Bh3 Nb5 40. Rd7 Nxa3 41. Bxe6 fxe6 42. Rxa7 Nc4 43. Rb7 Nxe5 44. Rxb6 Ke7 45. b5 Nd7 46. Ra6 Nb8 47. Kf2 1-0

[Event "UZB-ch"]
[Site "Tashkent"]
[Date "2009.06.09"]
[Round "12"]
[White "Kayumov, Sergey"]
[Black "Khamrakulov, Djurabek"]
[Result "1/2-1/2"]
[WhiteElo "2450"]
[BlackElo "2524"]
[PlyCount "91"]
[EventDate "2009.05.29"]
[EventType "tourn"]
[EventRounds "13"]
[EventCountry "UZB"]
[EventCategory "6"]
[SourceTitle "CBM 130 Extra"]
[Source "ChessBase"]
[SourceDate "2009.07.02"]
[SourceVersion "2"]
[SourceVersionDate "2009.07.15"]
[SourceQuality "1"]

1. Nf3 c5 2. b3 d5 3. e3 Nc6 4. Bb2 Bg4 5. d4 cxd4 6. exd4 e6 7. Nbd2 Nf6 8. Be2 Bd6 9. 0-0 0-0 10. Ne5 Bxe2 11. Qxe2 Qb6 12. Ndf3 Rad8 13. Rfd1 Nd7 14. Rd3 h6 15. Nxd7 Rxd7 16. c4 Bb8 17. c5 Qc7 18. a3 b6 19. b4 bxc5 20. bxc5 Re8 21. g3 f6 22. Rad1 Na5 23. Nh4 Nc4 24. Qh5 Rdd8 25. Bc1 Qf7 26. Qg4 g5 27. Ng2 f5 28. Qh3 Kg7 29. Ne3 Nxe3 30. Rxe3 e5 31. dxe5 Bxe5 32. Rf3 Rf8 33. Qf1 Qc7 34. Qd3 Qxc5 35. Rxf5 Rxf5 36. Qxf5 Bf6 37. h4 Qe7 38. hxg5 hxg5 39. Kg2 Qe4+ 40. Qxe4 dxe4 41. Rxd8 Bxd8 42. Be3 a6 43. Kh3 Kg6 44. Kg4 Be7 45. a4 Bd8 46. Bd4 1/2-1/2

[Event "Dubai op 11th"]
[Site "Dubai"]
[Date "2009.05.02"]
[Round "6"]
[White "Al Huwar, Jasem"]
[Black "Kayumov, Sergey"]
[Result "0-1"]
[WhiteElo "2293"]
[BlackElo "2450"]
[PlyCount "44"]
[EventDate "2009.04.26"]
[EventType "swiss"]
[EventRounds "9"]
[EventCountry "UAE"]
[SourceTitle "CBM 130 Extra"]
[Source "ChessBase"]
[SourceDate "2009.07.02"]
[SourceVersion "2"]
[SourceVersionDate "2009.07.15"]
[SourceQuality "1"]

1. Nf3 d5 2. g3 Nc6 3. d4 Bg4 4. Bg2 Qd7 5. Ne5 Nxe5 6. dxe5 e6 7. 0-0 f6 8. c4 c6 9. h3 Bh5 10. cxd5 exd5 11. Qd4 Qe6 12. Bf4 g5 13. e4 gxf4 14. exd5 Qxe5 15. Qa4 fxg3 16. dxc6 gxf2+ 17. Rxf2 b5 18. Qa6 Bc5 19. Nc3 Ne7 20. Raf1 0-0 21. Ne4 Bxf2+ 22. Rxf2 Rad8 0-1

[Event "Dubai op 11th"]
[Site "Dubai"]
[Date "2009.04.27"]
[Round "2"]
[White "Malakhatko, Vadim"]
[Black "Kayumov, Sergey"]
[Result "1-0"]
[WhiteElo "2610"]
[BlackElo "2450"]
[PlyCount "83"]
[EventDate "2009.04.26"]
[EventType "swiss"]
[EventRounds "9"]
[EventCountry "UAE"]
[SourceTitle "CBM 130 Extra"]
[Source "ChessBase"]
[SourceDate "2009.07.02"]
[SourceVersion "2"]
[SourceVersionDate "2009.07.15"]
[SourceQuality "1"]

1. d4 Nf6 2. c4 d6 3. Nc3 Nbd7 4. e4 e5 5. Nge2 g6 6. f3 c6 7. Bg5 h6 8. Be3 Bg7 9. Qd2 a6 10. d5 c5 11. a3 Ng8 12. b4 b6 13. Nc1 h5 14. Be2 f5 15. Nd3 Qe7 16. Rb1 Bh6 17. bxc5 bxc5 18. Bxh6 Nxh6 19. Na4 Nf7 20. exf5 gxf5 21. f4 h4 22. 0-0 e4 23. Ne1 h3 24. g3 e3 25. Qd3 0-0 26. Nc2 Re8 27. Rb3 Nf6 28. Nb6 Rb8 29. Nxc8 Rexc8 30. Rfb1 Rxb3 31. Rxb3 Ne4 32. Nxe3 Qf6 33. Bf1 Re8 34. Bxh3 Nh6 35. Bg2 Qa1+ 36. Rb1 Qa2 37. Bxe4 fxe4 38. Qb3 Qe2 39. Rb2 Qh5 40. Qa4 Rf8 41. Qd7 Nf7 42. Qg4+ 1-0